Welcome to CU Library Online Public Access Catalogue (OPAC)

Value for money marketing: (Record no. 8652)

MARC details
000 -LEADER
fixed length control field 00375nam a2200145 4500
005 - DATE AND TIME OF LATEST TRANSACTION
control field 20260202153838.0
008 - FIXED-LENGTH DATA ELEMENTS--GENERAL INFORMATION
fixed length control field cuc123
020 ## - INTERNATIONAL STANDARD BOOK NUMBER
International Standard Book Number 9780749435530
050 ## - LIBRARY OF CONGRESS CALL NUMBER
Classification number HF 5438 MUL
Item number 1
100 ## - MAIN ENTRY--PERSONAL NAME
Personal name MULLIN, Roddy
245 ## - TITLE STATEMENT
Title Value for money marketing:
Remainder of title A guide to measuring marketing performance
260 ## - PUBLICATION, DISTRIBUTION, ETC.
Place of publication, distribution, etc. London
Name of publisher, distributor, etc. Kogan page
Date of publication, distribution, etc. 2001
300 ## - PHYSICAL DESCRIPTION
Extent 276p tables
942 ## - ADDED ENTRY ELEMENTS (KOHA)
Source of classification or shelving scheme Library of Congress Classification
Koha item type Books
Suppress in OPAC No
999 ## -
-- 8652
-- 8652
Holdings
Withdrawn status Lost status Source of classification or shelving scheme Damaged status Not for loan Home library Current library Shelving location Date acquired Total checkouts Full call number Barcode Date last seen Copy number Price effective from Koha item type Public note
    Library of Congress Classification     Graduate Library (Christ Temple) Graduate Library (Christ Temple) General stacks 02/02/2026   HF 5438 MUL GSCT00002168 02/02/2026 1 02/02/2026 Books EAQ
    Library of Congress Classification     Graduate Library (Christ Temple) Graduate Library (Christ Temple) General stacks 02/02/2026   HF 5438 MUL GSCT00002169 02/02/2026 2 02/02/2026 Books EAQ
    Library of Congress Classification     Graduate Library (Christ Temple) Graduate Library (Christ Temple) General stacks 02/02/2026   HF 5438 MUL GSCT00002170 02/02/2026 3 02/02/2026 Books EAQ
    Library of Congress Classification     Graduate Library (Christ Temple) Graduate Library (Christ Temple) General stacks 02/02/2026   HF 5438 MUL GSCT00002171 02/02/2026 4 02/02/2026 Books EAQ
    Library of Congress Classification     Graduate Library (Christ Temple) Graduate Library (Christ Temple) General stacks 02/02/2026   HF 5438 MUL GSCT00002172 02/02/2026 5 02/02/2026 Books EAQ
© 2023-2024 Copyright: Central University Libraries. All Rights Reserved | Created by: Mahone Tech Office